<?xml version="1.0" encoding="UTF-8"?>
<record
    xmlns:xsi="http://www.w3.org/2001/XMLSchema-instance"
    xsi:schemaLocation="http://www.loc.gov/MARC21/slim http://www.loc.gov/standards/marcxml/schema/MARC21slim.xsd"
    xmlns="http://www.loc.gov/MARC21/slim">

  <leader>01020nam a22003017a 4500</leader>
  <datafield tag="952" ind1=" " ind2=" ">
    <subfield code="a">0001</subfield>
    <subfield code="b">0001</subfield>
    <subfield code="d">2019-07-17</subfield>
    <subfield code="l">0</subfield>
    <subfield code="o">956.1015 &#x130;52d 2016</subfield>
    <subfield code="p">019279</subfield>
    <subfield code="r">2019-07-17 00:00:00</subfield>
    <subfield code="t">c.2</subfield>
    <subfield code="w">2019-07-17</subfield>
    <subfield code="y">BKS</subfield>
  </datafield>
  <datafield tag="999" ind1=" " ind2=" ">
    <subfield code="c">13414</subfield>
    <subfield code="d">13414</subfield>
  </datafield>
  <controlfield tag="003">TR-AnCHP</controlfield>
  <controlfield tag="005">20190717154643.0</controlfield>
  <controlfield tag="008">190717b        tu ||||| |||| 00| 0 tur d</controlfield>
  <datafield tag="020" ind1=" " ind2=" ">
    <subfield code="a">9789758717422</subfield>
  </datafield>
  <datafield tag="040" ind1=" " ind2=" ">
    <subfield code="a">TR-AnCHP</subfield>
    <subfield code="c">TR-AnCHP</subfield>
  </datafield>
  <datafield tag="041" ind1="0" ind2=" ">
    <subfield code="a">tur</subfield>
  </datafield>
  <datafield tag="082" ind1=" " ind2=" ">
    <subfield code="a">956.1015</subfield>
    <subfield code="b">&#x130;52d 2016</subfield>
  </datafield>
  <datafield tag="100" ind1="0" ind2=" ">
    <subfield code="a">&#x130;nalc&#x131;k, Halil</subfield>
    <subfield code="d">1916-2016</subfield>
  </datafield>
  <datafield tag="245" ind1="0" ind2=" ">
    <subfield code="a">Do&#x11F;u Bat&#x131; :</subfield>
    <subfield code="b">Makaleler II /</subfield>
    <subfield code="c">Halil &#x130;nalc&#x131;k ; yay&#x131;na haz&#x131;rlayanlar Ta&#x15F;k&#x131;n Tak&#x131;&#x15F;, Sunay Aksoy.</subfield>
  </datafield>
  <datafield tag="250" ind1=" " ind2=" ">
    <subfield code="a">3. bs.</subfield>
  </datafield>
  <datafield tag="260" ind1=" " ind2=" ">
    <subfield code="a">Ankara:</subfield>
    <subfield code="b">Do&#x11F;u Bat&#x131; Yay&#x131;nlar&#x131;,</subfield>
    <subfield code="c">2016.</subfield>
  </datafield>
  <datafield tag="300" ind1=" " ind2=" ">
    <subfield code="a">389 s.:</subfield>
    <subfield code="c">23 sm.</subfield>
  </datafield>
  <datafield tag="490" ind1="0" ind2=" ">
    <subfield code="a">Do&#x11F;u Bat&#x131; Yay&#x131;nlar&#x131;;</subfield>
    <subfield code="a">Tarih;</subfield>
    <subfield code="v">39.</subfield>
    <subfield code="v">6.</subfield>
  </datafield>
  <datafield tag="504" ind1=" " ind2=" ">
    <subfield code="a">Dizin vard&#x131;r.</subfield>
  </datafield>
  <datafield tag="504" ind1=" " ind2=" ">
    <subfield code="a">Bibliyografik bilgi i&#xE7;ermektedir. </subfield>
  </datafield>
  <datafield tag="600" ind1="1" ind2="4">
    <subfield code="9">1922</subfield>
    <subfield code="a">&#x130;nalc&#x131;k, Halil</subfield>
    <subfield code="d">1916-2016</subfield>
    <subfield code="x">Makaleler</subfield>
  </datafield>
  <datafield tag="650" ind1=" " ind2="0">
    <subfield code="a">Tarih</subfield>
    <subfield code="9">5057</subfield>
    <subfield code="x">Osmanl&#x131; &#x130;mparatorlu&#x11F;u</subfield>
  </datafield>
  <datafield tag="650" ind1=" " ind2="4">
    <subfield code="a">Tarih</subfield>
    <subfield code="9">1099</subfield>
    <subfield code="z">T&#xFC;rkiye</subfield>
    <subfield code="y">Cumhuriyet d&#xF6;nemi</subfield>
  </datafield>
  <datafield tag="700" ind1=" " ind2=" ">
    <subfield code="9">5889</subfield>
    <subfield code="a">Tak&#x131;&#x15F;, Ta&#x15F;k&#x131;n</subfield>
    <subfield code="e">yay. haz.</subfield>
  </datafield>
  <datafield tag="700" ind1=" " ind2=" ">
    <subfield code="9">5890</subfield>
    <subfield code="a">Aksoy, sunay</subfield>
    <subfield code="e">yay. haz.</subfield>
  </datafield>
  <datafield tag="740" ind1=" " ind2=" ">
    <subfield code="a">Makaleler II</subfield>
  </datafield>
  <datafield tag="942" ind1=" " ind2=" ">
    <subfield code="2">ddc</subfield>
    <subfield code="c">BKS</subfield>
  </datafield>
</record>
